000 00894nam a2200181 a 4500
008 120416s1978 ||||||||||||||||| || u
050 _aGN 493 Moo
100 _aMoore, Sally Falk
245 1 0 _aLaw as process: an anthropological approach
260 _aLondon
_bRoutledge and Kegan Paul
_c(1978)
300 _avi, 270p.
350 _a0.00
650 _aLaw-- Anthropological aspects
650 _aANTHROPOLOGY
995 _aMAIN LIBRARY OPEN ACCESS
_D0.00
_e706813
_FCBU-MAIN LIBRARY (Kitwe)
_H1
_I10.00
_jGN 493 Moo
_M1
_UAVAILABLE
_y001424
_ZMain Library Open Access Collection
995 _aMAIN LIBRARY OPEN ACCESS
_D0.00
_e706814
_FCBU-MAIN LIBRARY (Kitwe)
_H3
_I10.00
_jGN 493 Moo
_M3
_UAVAILABLE
_y001423
_ZMain Library Open Access Collection
995 _aMAIN LIBRARY OPEN ACCESS
_D0.00
_e707545
_FCBU-MAIN LIBRARY (Kitwe)
_H2
_I10.00
_jGN 493 Moo
_M2
_UAVAILABLE
_y017845
_ZMain Library Open Access Collection
999 _c80627
_d80627